00763nam a22001937a 4500999001900000005001700019010001500036020002700051035001400078037001300092082001400105245013800119260003600257270008100293300002300374500001800397942002800415952012600443 c173620d17362020200303170651.0 aENG-127959 a9789389137293c1280.00 aEN-111491 bDBAD/PUB a337.54052 ascalin India-Japan Cooperation in indo-Pacific and Beyond 2025 : bcorridors, Connectivity and contours/cedited by Jagannath P.Panda aNew DelhibKnowledge Workc2020 a4676/21, First floor, Ansari Road,DaryaganjbNew Delhie110002mkw@kwpub.com avi;331p.c24cm(hb) ainclude index 2ddccENh337.54052mSCA 001040708NFICaBNbBNd2020-03-03eDBAD/PUBg1280.00l0o337.54052 SCApEN-111491r2020-03-03 00:00:00t1v1280.00yEN